00481 2200193 4500001002100000005001500021008004100036020001800077035001900095041000700114082001000121090001600131100002500147245003000172260003300202300002400235500001100259650001700270INLIS00000000000234320241224112524241224||||||||| | ||| |||| || |  a979-963-838-0 0010-1224002343 aid0 a611.4 a611.4 DWI b0 aDwi Sunar Prasetyono00aBuku Pintar ASI Eksklusif aYogyakartabDiva Pressc2012 a20x14 cm, 248 hlm.; aCet. 3 0aBuku Panduan